International Trade and Exchange Rates in the Late Eighties

Salvato in:
Dettagli Bibliografici
Altri autori: Peeters, Theo
Natura: Libro
Lingua:inglese
Pubblicazione: Amsterdam North-Holland 1985
Edizione:1. ed.
Tags: Aggiungi Tag
Nessun Tag, puoi essere il primo ad aggiungerne!!

MARC

LEADER 00000nam a2200000 4500
001 c029339
005 20221220081842.6
041 0 |a eng 
044 |a NL 
245 1 0 |a International Trade and Exchange Rates in the Late Eighties  |c Edit. Theo Peeters 
250 |a 1. ed. 
264 1 |a Amsterdam  |b North-Holland  |c 1985 
300 |a 418 s. 
700 1 |a Peeters, Theo